000 00619nam a22001937a 4500
003 OSt
005 20251024021447.0
008 251020b |||||||| |||| 00| 0 eng d
020 _a978-981-4221-90-0.
040 _aDWCL-Main lib
_cOC
082 _aCirc. 808.51 V483c 2007
100 _aVerdeber, Rudolph F.
245 _aThe challenge of effective speaking
260 _aSingapore :
_bThomson Learning,
_cc2007.
300 _axx, 340 pages :
_billustration ;
_c25 cm. +1 CD-ROM.
504 _aIncludes bibliographical references and index.
650 _21, Public speaking
942 _2ddc
_cBK-CIRC
_e13th ed.
_kCirc.
_n0
999 _c4921
_d4921